Datum a čas kvízu

40.5 Celkem bodů Celkový počet nahraných bodů na tomto kvízu bez doplňovacích otázek.
3. Pořadí na kvízu Konečné umístění týmu na tomto kvízu.

Zaznamenané odpovědi

# Otázka Odpověď Body Výsledky
1. Ministr práce a sociálních věc... o 1 600 Kč 0
2. Německý prezident Frank-Walter... v Kataru 1
3. Který anglický hudebník a býva... Peter Gabriel 0
4. Ve středu pravomocně zrušil Mě... proti dopravním přestupkům 1
5. Který bývalý reprezentační bra... Patrik Bartošák 1
6. Když české divadlo, tak hned n... 1881, 1883 1
7. V roce 1786 vzniklo kvůli zájm... Bouda 1
8. V 80. letech minulého století... Jaromír Hanzlík, Cyrano z Bergeracu 1
9. V této otázce po vás budeme ch... 1C 2B 3D 4A 1
10. Činoherní klub v Praze je z hl... Ondřej Sokol 1